000 00552nam a22002177a 4500
003 UA-OsUOA
001 68755
007 ta
008 20100517b un ||||| |||| 00| 0 ukr d
100 _aДроздовський Д.
090 _a82
_bД75
942 _cSA
040 _aUA-OsUOA
_bukr
_cUA-OsUOA
_dUA-OsUOA
245 _aЛіна Костенко в Севастополі
300 _aС.10
955 _a0
041 _aukr
080 _a82
773 0 _w68750
650 7 _a82 Література. Літературознавство
_2UDC
999 _c355010
_d355010